| 000 | 00495nam a22001937a 4500 | ||
|---|---|---|---|
| 003 | OSt | ||
| 005 | 20170215151123.0 | ||
| 008 | 150511b xxu||||| |||| 00| 0 eng d | ||
| 020 | _a0443042691 | ||
| 040 | _cDNLM | ||
| 082 | _aWW140 A251989 | ||
| 100 |
_aKhaw P. T.[et...al] _94588 |
||
| 245 | _aAids to Ophthalmology | ||
| 260 |
_aLondon: _bChurchill Livingstone; _c1989 |
||
| 300 |
_avii, 294 p _bill; _c25 cm |
||
| 504 | _aIncludes index | ||
| 650 |
_aOphthalmology _9338 |
||
| 942 |
_2z _cSLOAN |
||
| 999 |
_c1740 _d1740 |
||